01562nam a2200325 a 4500001001200000003000800012006001900020007001500039008004100054010001700095020001800112020001500130020002700145040002100172035002100193050002800214111009700242245024600339260011800585300003800703504005100741533015200792650004000944650003900984655002901023700002201052700001901074710001701093856012601110ebr10422637CaPaEBRm u cr cn|||||||||100329s2009 enka sb 101 0 eng d z 2010287017 z9781848164857 z1848164858 z9781848164864 (e-book) aCaPaEBRcCaPaEBR a(OCoLC)67042977414aQC880.4.T8bO675 2008eb2 aOptical Turbulence Characterization for Astronomical Applicationsd(2008 :cSardinia, Italy)10aOptical turbulenceh[electronic resource] :bastronomy meets meteorology : proceedings of the Optical Turbulence Characterization for Astronomical Applications, Sardinia, Italy, 15-18 September 2008 /ceditors, Elena Masciadri, Marc Sarazin. aLondon :bImperial College Press ;aSingapore ;aHackensack, N.J. :bDistributed by World Scientific Pub,cc2009. axxvi, 388 p. :bill. (some col.). aIncludes bibliographical references and index. aElectronic reproduction.bPalo Alto, Calif. :cebrary,d2013.nAvailable via World Wide Web.nAccess may be limited to ebrary affiliated libraries. 0aAtmospheric turbulencevCongresses. 0aMeteorological opticsvCongresses. 7aElectronic books.2local1 aMasciadri, Elena.1 aSarazin, Marc.2 aebrary, Inc.40uhttp://site.ebrary.com/lib/rucke/Doc?id=10422637zAn electronic book accessible through the World Wide Web; click to view